000 01264nam a22003617a 4500
001 000013903
003 DO-SdBNP
005 20180315132334.0
007 000013903
008 160503b 2008 dr |||| 00| 0 spa d
020 _a9789945113006
040 _aBPMSU
_bspa
_cBPMSU
092 _a371.3
_bS715g 5to. 2008
100 1 _aSosa R., Olga
245 1 0 _aGupi 5 :
_beducación inicial /
_cOlga Sosa R. ; dirección editorial Obdulia García de Escobar ; ilustración Jonás Muvdi, José Amado Polanco.
260 _aSanto Domingo :
_bSantillana,
_c2008.
300 _a176 p. :
_bil. ;
_c28 cm.
490 1 _aGupi
500 _aEducación inicial
500 _aLa biblioteca posee la guía del maestro.
500 _aGuía didáctica para el profesor y la profesora.
650 4 _aEDUCACIÓN PRIMARIA
_zREPÚBLICA DOMINICANA
650 4 _aEDUCACIÓN DE NIÑOS
_zREPÚBLICA DOMINICANA
650 4 _aPEDAGOGÍA
700 1 2 _aGarcía de Escobar, Obdulia,
_eed.
700 1 2 _aMuvdi, Jonás,
_eil.
700 1 2 _aPolanco, José Amado,
_eil.
830 0 _pGupi
910 _aValidado. Control de calidad MFF
942 _2ddc
_cBK
945 _aRemanejado para la Bib. BNPHU, 2018/ YL
956 _2LOPEREZ
_310
_620160503
_8BPMSU
_a00041
999 _c9977
_d9977